000 00944nam a22002537a 4500
003 BD-DhSAU
005 20211019194431.0
008 210929b |||||||| |||| 00| 0 eng d
040 _aBD-DhSAU
082 _222
_b630.715
_aAz64
100 _aAZOM, MD. MONIUL
_eRegistration No.:# 12-04941
245 _aAdoption of selected sugarcane cultivation technologies by the farmers /
_bMs Thesis
260 _aSher-e-Bangla Agricultural University Dhaka 1207;
_bDepartment of Agricultural Extension & Information System;
_c2020;
300 _aviii;
_b59p.;
_c30cm.;
500 _aIncluding Index.;
590 _anazmul
600 _qsugarcane cultivation technologies
610 _afarmers
650 _ajamalpur district
700 _aDr. Md. Sekender Ali
_eSupervisor
710 _aMd. Wali Ahad Setu
_eCo-Supervisor
856 _yOnline Access
_uhttp://archive.saulibrary.edu.bd:8080/xmlui/handle/123456789/3334
942 _2ddc
_cTHESIS
999 _c15613
_d15612